Online Catalogue and eLibrary

Subversive Intent : (Record no. 3400)

MARC details
000 -LEADER
fixed length control field 00465nam a2200181Ia 4500
005 - DATE AND TIME OF LATEST TRANSACTION
control field 20241220034945.0
008 - FIXED-LENGTH DATA ELEMENTS--GENERAL INFORMATION
fixed length control field 240331s9999 xx 000 0 und d
020 ## - INTERNATIONAL STANDARD BOOK NUMBER
ISBN 0674853830
082 ## - DDC Classification
Item Number - Author Mark SUL
Class No. 840
100 ## - MAIN ENTRY--PERSONAL NAME
Personal name Suleiman, S.R
245 #0 - TITLE STATEMENT
Title Subversive Intent :
Remainder of title gender, politics, and the avant-garde
260 ## - PUBLICATION, DISTRIBUTION, ETC.
Place of publication, distribution, etc. London
Name of publisher, distributor, etc. Harvard University Press
Date of publication, distribution, etc. 1990
300 ## - PHYSICAL DESCRIPTION
Extent (e.g. Volumes, Pages etc.) Xviii, 276 p .,
650 ## - SUBJECT ADDED ENTRY--TOPICAL TERM
Topical term or geographic name entry element Gender
650 ## - SUBJECT ADDED ENTRY--TOPICAL TERM
Topical term or geographic name entry element Politics
650 ## - SUBJECT ADDED ENTRY--TOPICAL TERM
Topical term or geographic name entry element Sex
942 ## - Koha item type (Biblio)
Koha item type Books in Stacks (Lending)
Holdings
Lost status Damaged status Collection code Home library Current library Shelving location Date acquired Full call number Accession Number Item type
    Lending WERC Library WERC Library Social Science Cupboard 03/31/2024 840 SUL 1102 Books in Stacks (Lending)

© WERC Library